000 00737nam a2200205Ia 4500
003 GCL
008 140319s9999 xx 000 0 ara d
040 _aGCL /
_cGCL
082 0 4 _a322.3
_bع ت
100 1 _aعثمان عبدالمعز رسلان
245 1 0 _aالتربية السياسية عند جماعة الاخوان المسلمين /
_cعثمان عبدالمعز رسلان
260 _a[S.N] :
_bدار التوزيع والنشر الاسلامية
300 _a583 ص
490 _a
650 0 4 _aالاحوال السياسية
650 0 4 _aالحركات الفكرية عند المسلمين
650 0 4 _aالتربية الاسلامية
650 0 4 _aالاخوان المسلمون
942 _2ddc
_cBK
999 _c52394
_d52394